The Financial Times guide to the financial markets / (Record no. 18735)
[ view plain ]
| 000 -LEADER | |
|---|---|
| fixed length control field | 01616cam a2200313 a 4500 |
| 001 - CONTROL NUMBER | |
| control field | 17278682 |
| 005 - DATE AND TIME OF LATEST TRANSACTION | |
| control field | 20141209121506.0 |
| 008 - FIXED-LENGTH DATA ELEMENTS--GENERAL INFORMATION | |
| fixed length control field | 120430s2012 xxka frbf 001 0 eng d |
| 010 ## - LIBRARY OF CONGRESS CONTROL NUMBER | |
| LC control number | 2011410974 |
| 020 ## - INTERNATIONAL STANDARD BOOK NUMBER | |
| International Standard Book Number | 9780273730002 |
| 020 ## - INTERNATIONAL STANDARD BOOK NUMBER | |
| International Standard Book Number | 0273730002 |
| 040 ## - CATALOGING SOURCE | |
| Original cataloging agency | UKMGB |
| Language of cataloging | eng |
| Transcribing agency | UKMGB |
| Modifying agency | YDXCP |
| -- | BWK |
| -- | CDX |
| -- | MIA |
| -- | BWX |
| -- | J2H |
| -- | DLC |
| -- | EG-ScBUE |
| 082 00 - DEWEY DECIMAL CLASSIFICATION NUMBER | |
| Classification number | 332.45 |
| Edition number | 22 |
| Item number | ARN |
| 100 1# - MAIN ENTRY--PERSONAL NAME | |
| Personal name | Arnold, Glen |
| 9 (RLIN) | 36828 |
| 245 14 - TITLE STATEMENT | |
| Title | The Financial Times guide to the financial markets / |
| Statement of responsibility, etc | Glen Arnold. |
| 246 34 - VARYING FORM OF TITLE | |
| Title proper/short title | Financial Times guides : |
| Remainder of title | financial markets |
| 246 30 - VARYING FORM OF TITLE | |
| Title proper/short title | financial markets |
| 260 ## - PUBLICATION, DISTRIBUTION, ETC. (IMPRINT) | |
| Place of publication, distribution, etc | Harlow, United Kingdom : |
| Name of publisher, distributor, etc | Financial Times Prentice Hall, |
| -- | Pearson Education Limited, |
| Date of publication, distribution, etc | 2012 |
| Place of manufacture | (Gosport, United Kingdom : |
| Manufacturer | Ashford Colour Press) |
| 300 ## - PHYSICAL DESCRIPTION | |
| Extent | x, 564 p. : |
| Other physical details | ill. ; |
| Dimensions | 24 cm. |
| 490 0# - Series Statement | |
| Series statement | Always learning |
| 500 ## - GENERAL NOTE | |
| General note | Index : p. 557-564. |
| 504 ## - BIBLIOGRAPHY, ETC. NOTE | |
| Bibliography, etc | Includes bibliographical references. |
| 505 0# - FORMATTED CONTENTS NOTE | |
| Formatted contents note | The purpose of financial markets-An overview of the markets and institutions-Banking : retail and corporate-Investment banking-Other types of banking-Central banking-Pooled investment funds-Insurance-Money markets-Bond markets : governments and corporates-Bond markets : the more exotic-Equity markets-Raising share capital-Futures markets-Options and swaps-Foreign exchange markets-Hedge funds and private equity-Regulation of the financial sector-The financial crisis. |
| 650 #0 - SUBJECT ADDED ENTRY--TOPICAL TERM | |
| Topical term or geographic name as entry element | Money market |
| Form subdivision | Handbooks, manuals, etc. |
| 9 (RLIN) | 36829 |
| 650 #0 - SUBJECT ADDED ENTRY--TOPICAL TERM | |
| Topical term or geographic name as entry element | Corporations |
| General subdivision | Finance |
| Form subdivision | Handbooks, manuals, etc. |
| 9 (RLIN) | 36830 |
| 653 ## - INDEX TERM--UNCONTROLLED | |
| Resource For college | BAEPS, Business Administration |
| Arrived date list | December2014 |
| 655 ## - INDEX TERM--GENRE/FORM | |
| Form subdivision | |
| -- | 34232 |
| 942 ## - ADDED ENTRY ELEMENTS (KOHA) | |
| Source of classification or shelving scheme | Dewey Decimal Classification |
| Call number prefix | 332.45 ARN |
| Withdrawn status | Item status | Source of classification or shelving scheme | Damaged status | Not for loan | Vendor | Home library | Current library | Shelving location | Date acquired | Source of acquisition | Cost, normal purchase price | Serial Enumeration / chronology | Total Checkouts | Total Renewals | Full call number | Barcode | Date last seen | Date last borrowed | Cost, replacement price | Koha item type |
|---|---|---|---|---|---|---|---|---|---|---|---|---|---|---|---|---|---|---|---|---|
| Dewey Decimal Classification | Baccah | Central Library | Central Library | First floor | 09/12/2014 | 214.00 | 20677 | 1 | 6 | 332.45 ARN | 000037129 | 15/07/2025 | 19/03/2016 | 267.50 | Book - Borrowing |